000 00945 a2200241 4500
999 _c9769
_d9769
022 _I00382396
050 0 0 _aKTL19.A35 SOU 1988
100 _aCorbett, M.M
_eHonorary consulting editor
110 _aSupreme Court of South Africa
245 0 4 _aSouth African law reports (3)August :
_bDecisions of the Supreme Court of Appeal of South Africa, Constitutional court of South Africa, High court of Zimbabwe, Supreme court of Zimbabwe /
_cM.M. Corbett, Fisher David S. ...et al
264 _aSouth Africa:
_bJuta and Company LTD
_c1988
300 _a397p.:
500 _aIncludes bibliographical references and index
650 0 _aLaw reports, digests, etc
650 7 _aTable of cases
650 7 _aCase annotations
651 7 _aSouth Africa.
700 _aFisher, David S
_eeditor
700 _aHanmer, Nita
_eeditor
700 _aPotter, Diana M.
_eeditor
700 _aKrynauw, Brenda
_eeditor
942 _2lcc
_cSERIALS
_h19.A35
_iSOU
_kKTL